000 00977nam a2200301 c 4500
003 BLK
005 20250214112935.0
008 180409b bul|||||r ||||||| ||bul||
020 _a9789542808381
040 _aBLK
041 _aBUL
_cBUL
080 _aБългарска литература
_b821.163.2
_x-32
_z821.163.2-32
100 1 _aЙотовски, Емил
_eпърви автор
_9285399
139 _aЙотовски, Емил
_bИ 85
245 1 0 _aНарочни приказки
_bТ. 1 -
_cЕмил Йотовски.
_nТ. 2
257 _aBGR
260 _c2011
_9217021
_aСофия
_bСиела Норма
_n978-954-28-
300 _a135 с.
_c21 см
380 _aX
490 _aМайстори на разказа
852 _aЦб 254394
856 4 _qpdf
856 4 _qpdf
942 _cKNG
_n0
_02
944 _aCR
_c18.03.2013
_k30531
_lЦветелина Шанова
944 _aED
_c19.05.2017
_kВиолета_Тройчева
999 _c135031
_d135031
999 _d135031